000
00294nam a22001337a 4500
008
170829b xxu||||| |||| 00| 0 eng d
020
_a
9780073385020
041
_a
eng
080
_a
7 ED
100
_a
39
101
_a
MED
245
_a
COMMUNICATION THEORY
_c
GRIFFIN.E
942
_2
udc
_c
BK
999
_c
25289
_d
25289